00533nam a2200133Ia 4500008004100000100002000041245007400061245013000135260005300265260000900318300001000327650001500337856004700352170221s9999 xx 000 0 und d aNurlan Kurmanov aInnovation Process Management as the Basis of Enterprise Development  cNurlan Kurmanov, Amangeldy Dogalov, Sungat Toktasynov, Assem Baktymbet, Saule Baktymbet, Assel Rakhimbekova, Aizhan Satbayeva bInternational Review of Management and Marketing c2017 a7 : 1 xMarketing. uhttp://www.econjournals.com/index.php/irmm